| 000 | 00927cam a22003011a 4500 | ||
|---|---|---|---|
| 001 | agr55000005 | ||
| 003 | DLC | ||
| 005 | 20260227111017.0 | ||
| 008 | 730508s1942 dcuab b f001 0 eng c | ||
| 010 | _aagr55000005 | ||
| 035 | _a(OCoLC)617729 | ||
| 040 |
_aU.S. Dept. of Agr. Libr. _cOKentU _dOClW-H _dOCoLC _dDNAL _dUU _dDLC |
||
| 042 | _apremarc | ||
| 050 | 0 | 0 |
_aS21 _b.A35 1942 |
| 070 | 0 |
_a1 _bAg84Y 1942 |
|
| 072 | 0 | _aL830 | |
| 082 | _a636.0896 | ||
| 086 | 0 | _aA 1.10:942 | |
| 245 | 1 | 0 | _aKeeping livestock healthy. |
| 260 |
_aWashington D.C. : _bU.S. Dept. of Agriculture, _c1942. |
||
| 300 |
_axiii, 1276 p. : _bill., maps ; _c24 cm. |
||
| 490 | 1 |
_aYearbook of agriculture ; _v1942 |
|
| 504 | _aIncludes bibliographies. | ||
| 650 | 0 |
_aVeterinary medicine _zUnited States. |
|
| 650 | 0 | _aDomestic animals. | |
| 650 | 0 |
_aLivestock _xDiseases. |
|
| 830 | 0 |
_aYearbook of agriculture (Washington, D.C. : 1926) ; _v1942. |
|
| 999 |
_c11531 _d11531 |
||